Integrated environmental modelling : design and tools

Αποθηκεύτηκε σε:
Λεπτομέρειες βιβλιογραφικής εγγραφής
Κύριος συγγραφέας: Brouwer, Floor
Μορφή: Βιβλίο
Γλώσσα:English
Δημοσίευση: Boston : Kluwer Academic, 1987
Σειρά:Studies in operational regional science ; ; 2
Θέματα:
Ετικέτες: Προσθήκη ετικέτας
Δεν υπάρχουν, Καταχωρήστε ετικέτα πρώτοι!

MARC

LEADER 00000pam a2200000 i 4500
001 1/90270
008 970418s1987 eng d
020 |a 90-247-3519-X 
035 |l 10007457 
040 |a GR-MY-UA  |b gre  |e aacr 
041 0 |a eng 
082 0 |a 333.710724 
100 1 |a Brouwer, Floor. 
245 1 0 |a Integrated environmental modelling :  |b design and tools /  |c Floor Brouwer 
260 |a Boston :   |b Kluwer Academic,   |c 1987 
300 |a ix, 223 p.;  |c 25 cm 
490 1 |a Studies in operational regional science  |v ; 2 
504 |a Bibliography: p. 201-215. Includes index 
650 0 0 |a Regional planning  |x Environmental aspects  |x Mathematical models. 
650 0 0 |a Regional planning  |x Environmental aspects  |z Netherlands  |z Biesbosch  |x Mathematical models. 
650 0 0 |a Environmental impact analysis  |x Mathematical models. 
650 0 0 |a Environmental impact analysis  |z Netherlands  |z Biesbosch  |x Mathematical models. 
650 0 0 |a Outdoor recreation  |x Environmental aspects  |z Netherlands  |z Biesbosch. 
830 0 |a Studies in operational regional science ;  |v ; 2 
852 |a INST  |b LESVOS  |e 19970418  |h 333.710724 BRO  |p 005100011468  |q 005100011468  |t BK  |y 0 
909 |a Λ  |b 012054